000 00210 a2200097 4500
001 41924
100 _aNew Age
245 _aDenis Compton's Annual
260 _a
_bStanley Paul & Co.
_c
090 _c25988
_d25988
942 _aNUST-CAE
_cM
_c17766
999 _c276997
_d276997